00473nam a2200157Ia 4500001000500000005001700005008004100022041000800063082002100071100003800092245013300130260000900263300002700272650000800299654000800307759520260306160507.0260306t2011||||xx |||||||||||||| ||spa|| aESP a352.1bS42 N° 4 aMuñoz Marticorena, WilliameAUT 0aPerú:bfiscalización al trámite de licencia de funcionamiento 2009-2010: instrumento para la mejora del servicio municipal c2011 a71 páginas :c28 cm. aGEN aCAN